[Event "Charlesbourg Khalif"]
[Site "Charlesbourg CAN"]
[Date "2012.03.05"]
[Round "4"]
[White "Bahadi, Khalid"]
[Black "Beaudoin, Stephane"]
[Result "0-1"]
[WhiteElo "1878"]
[BlackElo "2041"]
[PlyCount "64"]
[GameId "2160767909576510"]
[EventDate "2012.02.13"]
[EventType "swiss"]
[EventRounds "5"]
[EventCountry "CAN"]
[SourceTitle "EXT 2022"]
[Source "ChessBase"]
[SourceDate "2021.10.06"]
[SourceVersion "1"]
[SourceVersionDate "2021.10.06"]
[SourceQuality "1"]

1. d4 Nf6 2. c4 g6 3. Nc3 Bg7 4. e4 d6 5. f4 O-O 6. Nf3 c5 7. d5 e6 8. Bd3 exd5 9. cxd5 b5 10. O-O b4 11. Ne2 Ba6 12. Bxa6 Nxa6 13. Ng3 Rc8 14. a3 Re8 15. Qe2 c4 16. axb4 Nxb4 17. Qd2 Nd3 18. Qa5 Qxa5 19. Rxa5 Nxe4 20. Rxa7 Nxg3 21. hxg3 Re2 22. Rd7 Nxc1 23. Rxc1 Bxb2 24. Rf1 Ba3 25. Kh2 Rb8 26. Ng5 Rbb2 27. Nxf7 Rxg2+ 28. Kh3 h5 29. Kh4 Rbe2 30. Ra1 Re3 31. Rb1 Bb2 32. Nxd6 Bf6+ 0-1

[Event "Charlesbourg Khalif"]
[Site "Charlesbourg CAN"]
[Date "2012.03.05"]
[Round "4"]
[White "Doyon, Stephane"]
[Black "Bonneau, Daniel"]
[Result "0-1"]
[WhiteElo "1899"]
[BlackElo "2047"]
[PlyCount "64"]
[GameId "2160767909576511"]
[EventDate "2012.02.13"]
[EventType "swiss"]
[EventRounds "5"]
[EventCountry "CAN"]
[SourceTitle "EXT 2022"]
[Source "ChessBase"]
[SourceDate "2021.10.06"]
[SourceVersion "1"]
[SourceVersionDate "2021.10.06"]
[SourceQuality "1"]

1. e4 e6 2. d3 d5 3. Nd2 g6 4. g3 Bg7 5. Bg2 Ne7 6. Ngf3 O-O 7. O-O c5 8. Re1 Nbc6 9. Nf1 Bd7 10. e5 h6 11. h4 d4 12. N1h2 Nd5 13. Ng4 Kh7 14. Bd2 f5 15. exf6 Nxf6 16. Nge5 Nxe5 17. Nxe5 Bc8 18. b4 Qc7 19. bxc5 Nd5 20. Nc4 Qxc5 21. Be4 Nc3 22. Qg4 Nxe4 23. Rxe4 e5 24. Qe2 Bf5 25. Nxe5 Bxe4 26. Nd7 Bf3 27. Qe1 Qf5 28. Nxf8+ Rxf8 29. Kh2 Bc6 30. f4 Qd5 31. Qf2 Re8 32. a3 a5 0-1

[Event "Charlesbourg Khalif"]
[Site "Charlesbourg CAN"]
[Date "2012.03.05"]
[Round "4"]
[White "Poliquin, Yvone"]
[Black "Tremblay, Rejean"]
[Result "0-1"]
[WhiteElo "1955"]
[BlackElo "2243"]
[PlyCount "142"]
[GameId "2160767909576512"]
[EventDate "2012.02.13"]
[EventType "swiss"]
[EventRounds "5"]
[EventCountry "CAN"]
[SourceTitle "EXT 2022"]
[Source "ChessBase"]
[SourceDate "2021.10.06"]
[SourceVersion "1"]
[SourceVersionDate "2021.10.06"]
[SourceQuality "1"]

1. e4 c5 2. Nf3 d6 3. d4 cxd4 4. Nxd4 Nf6 5. Nc3 a6 6. Bc4 e6 7. Bb3 Nbd7 8. f4 Nc5 9. e5 Nfd7 10. exd6 Nf6 11. Be3 Bxd6 12. Qf3 Qc7 13. O-O-O O-O 14. h3 Bd7 15. Rhf1 Rac8 16. Rf2 b5 17. a3 Nxb3+ 18. Nxb3 Bc6 19. Qe2 Rfd8 20. Bd4 Bxf4+ 21. Kb1 e5 22. Be3 Bxe3 23. Qxe3 Rxd1+ 24. Nxd1 Ne4 25. Re2 f6 26. Nf2 Nxf2 27. Rxf2 Bd5 28. Rd2 Bf7 29. Qd3 Bg6 30. Qd5+ Bf7 31. Qd3 Bg6 32. Qe2 h6 33. Nc1 Rd8 34. Nd3 Bxd3 35. Rxd3 Rxd3 36. Qxd3 Qc6 37. Qe2 Kf7 38. Qh5+ g6 39. Qd1 h5 40. Qe2 Kg7 41. Qd2 f5 42. h4 Qf6 43. Qe1 f4 44. Kc1 Kh6 45. b3 Qd6 46. Qc3 Qxa3+ 47. Kd1 Qe7 48. Ke2 b4 49. Qc8 Kg7 50. Qxa6 Qc5 51. Qb7+ Kh6 52. Qf7 Qxc2+ 53. Kf1 Qd1+ 54. Kf2 Qd2+ 55. Kf1 Qd6 56. Qe8 Kg7 57. Qc8 Qd3+ 58. Kf2 Qe3+ 59. Kf1 Qxb3 60. Qd7+ Qf7 61. Qc8 b3 62. Qb8 Qd5 63. Qc7+ Kh6 64. Qc8 Qd1+ 65. Kf2 Qd4+ 66. Kf1 e4 67. Qb7 b2 68. Qb5 Qd3+ 69. Kf2 Qxb5 70. Ke1 b1=Q+ 71. Kd2 Q5b2# 0-1

[Event "Charlesbourg Khalif"]
[Site "Charlesbourg CAN"]
[Date "2012.03.12"]
[Round "5"]
[White "Plante, Rejean"]
[Black "Beaudoin, Stephane"]
[Result "1/2-1/2"]
[WhiteElo "1975"]
[BlackElo "2041"]
[PlyCount "27"]
[GameId "2160767909576513"]
[EventDate "2012.02.13"]
[EventType "swiss"]
[EventRounds "5"]
[EventCountry "CAN"]
[SourceTitle "EXT 2022"]
[Source "ChessBase"]
[SourceDate "2021.10.06"]
[SourceVersion "1"]
[SourceVersionDate "2021.10.06"]
[SourceQuality "1"]

1. e4 g6 2. d4 Bg7 3. Nc3 d6 4. Nf3 a6 5. a4 Nf6 6. h3 O-O 7. Be3 b6 8. Qd2 Bb7 9. Bd3 c5 10. d5 Nbd7 11. O-O Qc7 12. Qe2 Ne5 13. Nxe5 dxe5 14. f3 1/2-1/2

[Event "Charlesbourg Khalif"]
[Site "Charlesbourg CAN"]
[Date "2012.03.12"]
[Round "5"]
[White "Poliquin, Yvone"]
[Black "Lamontagne, Danny"]
[Result "1-0"]
[WhiteElo "1955"]
[BlackElo "1849"]
[PlyCount "65"]
[GameId "2160767909576514"]
[EventDate "2012.02.13"]
[EventType "swiss"]
[EventRounds "5"]
[EventCountry "CAN"]
[SourceTitle "EXT 2022"]
[Source "ChessBase"]
[SourceDate "2021.10.06"]
[SourceVersion "1"]
[SourceVersionDate "2021.10.06"]
[SourceQuality "1"]

1. e4 d5 2. exd5 Qxd5 3. Nc3 Qa5 4. b4 Qxb4 5. Rb1 Qd6 6. Nf3 Nf6 7. d4 c6 8. Be2 e6 9. O-O Be7 10. Rb3 Qc7 11. Ne5 Nbd7 12. f4 Nxe5 13. fxe5 Nd5 14. Ne4 b5 15. Rg3 g6 16. Rgf3 Bd7 17. Rxf7 O-O-O 18. c4 bxc4 19. Bxc4 Rdf8 20. Bh6 Rxf7 21. Rxf7 g5 22. Bxd5 cxd5 23. Nxg5 Bxg5 24. Bxg5 Qc4 25. Rf2 Rg8 26. Rc2 Rxg5 27. Rxc4+ dxc4 28. Qc1 Rg7 29. Qxc4+ Kb7 30. Qb4+ Kc7 31. Qd6+ Kb7 32. Qf8 Rg4 33. Qf3+ 1-0

[Event "Charlesbourg Khalif"]
[Site "Charlesbourg CAN"]
[Date "2012.03.12"]
[Round "5"]
[White "Tremblay, Rejean"]
[Black "Bonneau, Daniel"]
[Result "1-0"]
[WhiteElo "2243"]
[BlackElo "2047"]
[PlyCount "71"]
[GameId "2160767909576515"]
[EventDate "2012.02.13"]
[EventType "swiss"]
[EventRounds "5"]
[EventCountry "CAN"]
[SourceTitle "EXT 2022"]
[Source "ChessBase"]
[SourceDate "2021.10.06"]
[SourceVersion "1"]
[SourceVersionDate "2021.10.06"]
[SourceQuality "1"]

1. e4 e6 2. d4 d5 3. Nc3 Nf6 4. e5 Nfd7 5. Nce2 c5 6. c3 Nc6 7. Nf3 Qb6 8. a3 f6 9. exf6 Nxf6 10. Ng3 Bd6 11. Be2 Bd7 12. b4 cxd4 13. cxd4 O-O 14. O-O Ne7 15. Ne5 Bb5 16. Bxb5 Qxb5 17. Re1 Nf5 18. Nxf5 exf5 19. a4 Qb6 20. b5 Bb4 21. Re3 Rac8 22. Qb3 Qd6 23. Rb1 Ng4 24. Nxg4 fxg4 25. Re5 Rc4 26. Be3 Rfc8 27. Qd3 g6 28. g3 Ba5 29. Qe2 Qd7 30. Bg5 Rxd4 31. Re7 Qf5 32. Re8+ Rxe8 33. Qxe8+ Qf8 34. Qe5 Rc4 35. Bh6 Bc7 36. Qe6+ 1-0

[Event "Charlesbourg Millenium"]
[Site "Charlesbourg CAN"]
[Date "2012.11.19"]
[Round "1"]
[White "Bahadi, Khalid"]
[Black "Glode, Martin"]
[Result "0-1"]
[WhiteElo "2035"]
[BlackElo "1806"]
[PlyCount "64"]
[GameId "2160767909411388"]
[EventDate "2012.11.19"]
[EventType "swiss"]
[EventRounds "5"]
[EventCountry "CAN"]
[SourceTitle "EXT 2022"]
[Source "ChessBase"]
[SourceDate "2021.10.06"]
[SourceVersion "1"]
[SourceVersionDate "2021.10.06"]
[SourceQuality "1"]

1. c4 e6 2. Nc3 d5 3. d4 c6 4. Nf3 Bd6 5. g3 f5 6. Bg5 Nf6 7. c5 Bc7 8. Qd2 Nbd7 9. Bh3 h6 10. Bf4 g5 11. Bxc7 Qxc7 12. Qe3 Kf7 13. Ne5+ Nxe5 14. dxe5 Nd7 15. f4 Qa5 16. fxg5 Qxc5 17. Qf4 hxg5 18. Qf1 Nxe5 19. Bg2 Ng4 20. Qf3 Qe3 21. Rd1 Qxf3 22. Bxf3 Nxh2 23. Kf2 Bd7 24. Kg2 Nxf3 25. exf3 Kg7 26. f4 gxf4 27. gxf4 c5 28. Kf3 Rxh1 29. Rxh1 d4 30. Rg1+ Kf6 31. Nd1 Bc6+ 32. Ke2 Rh8 0-1

[Event "Charlesbourg Millenium"]
[Site "Charlesbourg CAN"]
[Date "2012.11.19"]
[Round "1"]
[White "Gaudreau, Eric"]
[Black "Beaudoin, Stephane"]
[Result "0-1"]
[WhiteElo "1661"]
[BlackElo "2019"]
[PlyCount "60"]
[GameId "2160767909411389"]
[EventDate "2012.11.19"]
[EventType "swiss"]
[EventRounds "5"]
[EventCountry "CAN"]
[SourceTitle "EXT 2022"]
[Source "ChessBase"]
[SourceDate "2021.10.06"]
[SourceVersion "1"]
[SourceVersionDate "2021.10.06"]
[SourceQuality "1"]

1. Nf3 g6 2. g3 Bg7 3. Bg2 Nf6 4. O-O O-O 5. d3 Nc6 6. Nbd2 e5 7. e4 d6 8. c3 Nh5 9. Nc4 Ne7 10. Ne3 Qe8 11. d4 exd4 12. Nxd4 a6 13. a4 Nf6 14. f4 Nc6 15. Qc2 Bd7 16. b3 Qc8 17. Bb2 Re8 18. Nxc6 Bxc6 19. Nd5 Bxd5 20. exd5 Ng4 21. Qd2 Ne3 22. Rfe1 Nxg2 23. Rxe8+ Qxe8 24. Qxg2 Qe3+ 25. Qf2 Re8 26. Rc1 Qd3 27. Re1 Rxe1+ 28. Qxe1 Bf6 29. Qe8+ Kg7 30. Ba3 Qxc3 0-1

[Event "Charlesbourg Millenium"]
[Site "Charlesbourg CAN"]
[Date "2012.11.19"]
[Round "1"]
[White "Laflamme, Simon"]
[Black "Cote, Jocelyn"]
[Result "1-0"]
[WhiteElo "2029"]
[BlackElo "1748"]
[PlyCount "95"]
[GameId "2160767909411390"]
[EventDate "2012.11.19"]
[EventType "swiss"]
[EventRounds "5"]
[EventCountry "CAN"]
[SourceTitle "EXT 2022"]
[Source "ChessBase"]
[SourceDate "2021.10.06"]
[SourceVersion "1"]
[SourceVersionDate "2021.10.06"]
[SourceQuality "1"]

1. d4 g6 2. c4 Bg7 3. Nc3 c5 4. d5 d6 5. e4 Na6 6. h3 Bd7 7. Nf3 Qa5 8. Bd2 Qb6 9. Rb1 h6 10. Bd3 Nb4 11. Be2 Nf6 12. a3 Na6 13. O-O O-O 14. b4 Qd8 15. Qc1 Kh7 16. Bd3 Ng8 17. Qc2 e6 18. dxe6 fxe6 19. e5 Be8 20. exd6 cxb4 21. axb4 Qxd6 22. Ne4 Qd7 23. c5 Nc7 24. Nd6 Nd5 25. Bb5 Qe7 26. Bxe8 Raxe8 27. Nxe8 Qxe8 28. Rfe1 Qd7 29. Qe4 Nc7 30. Bf4 Nd5 31. Ne5 Qe8 32. Bd2 Rf5 33. Nc4 Rf6 34. Qxd5 exd5 35. Rxe8 dxc4 36. Rc1 b5 37. cxb6 Rxb6 38. Rxc4 Nf6 39. Re7 Nd5 40. Rxa7 g5 41. Rc5 Rd6 42. Rxd5 Rxd5 43. Bc3 Kg6 44. Rxg7+ Kh5 45. Rh7 Rd3 46. Rc7 Rd5 47. Kh2 Rd6 48. g4+ 1-0

[Event "Charlesbourg Millenium"]
[Site "Charlesbourg CAN"]
[Date "2012.11.19"]
[Round "1"]
[White "Tremblay-Alix, Eric"]
[Black "Lessard, Claude"]
[Result "1-0"]
[WhiteElo "1752"]
[BlackElo "2029"]
[PlyCount "97"]
[GameId "2160767909411391"]
[EventDate "2012.11.19"]
[EventType "swiss"]
[EventRounds "5"]
[EventCountry "CAN"]
[SourceTitle "EXT 2022"]
[Source "ChessBase"]
[SourceDate "2021.10.06"]
[SourceVersion "1"]
[SourceVersionDate "2021.10.06"]
[SourceQuality "1"]

1. e4 c6 2. d4 d5 3. e5 c5 4. c3 Nc6 5. Nf3 Bg4 6. Bb5 Bxf3 7. Qxf3 e6 8. Bxc6+ bxc6 9. b3 cxd4 10. cxd4 Qb6 11. Qd3 Bb4+ 12. Bd2 Ne7 13. O-O Nf5 14. Bxb4 Qxb4 15. Rd1 c5 16. dxc5 Qxc5 17. Nd2 Rc8 18. h3 O-O 19. Nf3 Qa3 20. Nd4 Nxd4 21. Qxd4 Rc2 22. Rd2 Rc7 23. Re1 Rfc8 24. Ree2 h6 25. g3 Kf8 26. Kg2 a5 27. Rb2 Qe7 28. Qa4 Ra7 29. Rbd2 g6 30. Qf4 Kg7 31. Rd4 Rc5 32. Qe3 Qb7 33. Kh2 Qe7 34. Rh4 h5 35. Rd2 Rac7 36. Rf4 Rc3 37. Qe2 R7c5 38. Rf6 Qc7 39. Rd4 Rc2 40. Qe3 R5c3 41. Qg5 Qa7 42. Rdf4 Rc7 43. g4 hxg4 44. hxg4 Re7 45. Qh4 Qb7 46. g5 Qc7 47. Qh6+ Kg8 48. Rxg6+ fxg6 49. Rf8# 1-0

[Event "Charlesbourg Millenium"]
[Site "Charlesbourg CAN"]
[Date "2012.11.26"]
[Round "2"]
[White "Beaudoin, Stephane"]
[Black "Arteau, Benoit"]
[Result "1/2-1/2"]
[WhiteElo "2025"]
[BlackElo "1863"]
[PlyCount "63"]
[GameId "2160767909411392"]
[EventDate "2012.11.19"]
[EventType "swiss"]
[EventRounds "5"]
[EventCountry "CAN"]
[SourceTitle "EXT 2022"]
[Source "ChessBase"]
[SourceDate "2021.10.06"]
[SourceVersion "1"]
[SourceVersionDate "2021.10.06"]
[SourceQuality "1"]

1. e4 b6 2. d4 Bb7 3. Bd3 e6 4. Nf3 Nf6 5. Qe2 Be7 6. O-O c5 7. c3 Nc6 8. e5 Nd5 9. dxc5 bxc5 10. a3 f5 11. c4 Nb6 12. Nc3 O-O 13. Nb5 Na5 14. Bd2 Nb3 15. Rad1 Nxd2 16. Rxd2 Bc6 17. Nc3 g5 18. h3 Qe8 19. Nh2 Qg6 20. Rfd1 h5 21. g4 hxg4 22. hxg4 Qh6 23. gxf5 exf5 24. Nd5 Nxd5 25. cxd5 Bxd5 26. Bc4 Bxc4 27. Qxc4+ Qe6 28. Qa4 Rfd8 29. Rxd7 Rxd7 30. Rxd7 a6 31. Qd1 Rb8 32. Ra7 1/2-1/2

[Event "Charlesbourg Millenium"]
[Site "Charlesbourg CAN"]
[Date "2012.12.03"]
[Round "3"]
[White "Glode, Martin"]
[Black "Beaudoin, Stephane"]
[Result "1-0"]
[WhiteElo "1806"]
[BlackElo "2025"]
[PlyCount "49"]
[GameId "2160767909411393"]
[EventDate "2012.11.19"]
[EventType "swiss"]
[EventRounds "5"]
[EventCountry "CAN"]
[SourceTitle "EXT 2022"]
[Source "ChessBase"]
[SourceDate "2021.10.06"]
[SourceVersion "1"]
[SourceVersionDate "2021.10.06"]
[SourceQuality "1"]

1. e4 g6 2. d4 Bg7 3. Nc3 d6 4. Be3 c6 5. a4 Nd7 6. Nf3 Ngf6 7. h3 Qc7 8. Qd2 O-O 9. Bh6 e5 10. Be2 exd4 11. Nxd4 Nc5 12. Bxg7 Kxg7 13. Bf3 Re8 14. Qf4 Nfxe4 15. Nxe4 f5 16. O-O Nxe4 17. Rfe1 Qe7 18. Rad1 Qe5 19. Qxe5+ Rxe5 20. c4 Be6 21. Bxe4 Bxc4 22. Nxc6 bxc6 23. Bxc6 Rxe1+ 24. Rxe1 Kf6 25. Bxa8 1-0

[Event "Charlesbourg Millenium"]
[Site "Charlesbourg CAN"]
[Date "2012.12.10"]
[Round "4"]
[White "Beaudoin, Stephane"]
[Black "Doyon, Stephane"]
[Result "1-0"]
[WhiteElo "2025"]
[BlackElo "1770"]
[PlyCount "57"]
[GameId "2160767909411394"]
[EventDate "2012.11.19"]
[EventType "swiss"]
[EventRounds "5"]
[EventCountry "CAN"]
[SourceTitle "EXT 2022"]
[Source "ChessBase"]
[SourceDate "2021.10.06"]
[SourceVersion "1"]
[SourceVersionDate "2021.10.06"]
[SourceQuality "1"]

1. e4 c6 2. d4 d5 3. e5 Bf5 4. Nc3 e6 5. Nge2 Bb4 6. a3 Bxc3+ 7. bxc3 Ne7 8. Ng3 O-O 9. Be2 Bg6 10. O-O Nd7 11. a4 c5 12. a5 Rc8 13. Bd3 Bxd3 14. Qxd3 c4 15. Qe2 Rc6 16. Ba3 Re8 17. Qg4 Ng6 18. f4 f5 19. exf6 Nxf6 20. Qg5 Ne4 21. Qxd8 Rxd8 22. Nxe4 dxe4 23. Rae1 Rd7 24. Rxe4 Ne7 25. f5 Nxf5 26. g4 Ne7 27. d5 Ra6 28. Rxe6 Rxe6 29. dxe6 1-0

[Event "Charlesbourg Millenium"]
[Site "Charlesbourg CAN"]
[Date "2012.12.10"]
[Round "4"]
[White "Laflamme, Simon"]
[Black "Glode, Martin"]
[Result "1-0"]
[WhiteElo "2029"]
[BlackElo "1806"]
[PlyCount "38"]
[GameId "2160767909411395"]
[EventDate "2012.11.19"]
[EventType "swiss"]
[EventRounds "5"]
[EventCountry "CAN"]
[SourceTitle "EXT 2022"]
[Source "ChessBase"]
[SourceDate "2021.10.06"]
[SourceVersion "1"]
[SourceVersionDate "2021.10.06"]
[SourceQuality "1"]

1. d4 Nf6 2. c4 e6 3. Nc3 Bb4 4. e3 b6 5. Nge2 Ba6 6. Ng3 O-O 7. e4 Nc6 8. Bg5 h6 9. h4 e5 10. d5 Na5 11. Qf3 Bxc4 12. Nf5 Be7 13. Bxh6 g6 14. Nxe7+ Qxe7 15. Bg5 Kg7 16. h5 gxh5 17. Bxc4 Nxc4 18. Rh3 Qd6 19. Bxf6+ Qxf6 1-0

[Event "Charlesbourg Millenium"]
[Site "Charlesbourg CAN"]
[Date "2012.12.10"]
[Round "4"]
[White "Lessard, Claude"]
[Black "Beauchesne, Jonathan"]
[Result "1-0"]
[WhiteElo "2029"]
[BlackElo "1618"]
[PlyCount "63"]
[GameId "2160767909411396"]
[EventDate "2012.11.19"]
[EventType "swiss"]
[EventRounds "5"]
[EventCountry "CAN"]
[SourceTitle "EXT 2022"]
[Source "ChessBase"]
[SourceDate "2021.10.06"]
[SourceVersion "1"]
[SourceVersionDate "2021.10.06"]
[SourceQuality "1"]

1. Nf3 c5 2. b3 d5 3. e3 Nf6 4. Bb2 Nc6 5. d4 e6 6. Nbd2 cxd4 7. Nxd4 Bd7 8. Be2 Be7 9. O-O O-O 10. Bf3 Ne5 11. Be2 Ng6 12. c4 dxc4 13. Nxc4 b5 14. Nd2 a6 15. Bf3 Rc8 16. Ne4 Nxe4 17. Bxe4 Bb4 18. Qh5 Rc5 19. Qe2 Bc3 20. Rac1 Qa5 21. a3 b4 22. axb4 Qxb4 23. Bxc3 Rxc3 24. Rxc3 Qxc3 25. Qxa6 e5 26. Nf3 Qxb3 27. Bxg6 hxg6 28. Nxe5 Bb5 29. Qb6 Qb2 30. Nf3 Rc8 31. Nd4 Rc1 32. Qxb5 1-0

[Event "Charlesbourg Millenium"]
[Site "Charlesbourg CAN"]
[Date "2012.12.17"]
[Round "5"]
[White "Bahadi, Khalid"]
[Black "Garneau, Benoit"]
[Result "0-1"]
[WhiteElo "2050"]
[BlackElo "1950"]
[PlyCount "66"]
[GameId "2160767909411397"]
[EventDate "2012.11.19"]
[EventType "swiss"]
[EventRounds "5"]
[EventCountry "CAN"]
[SourceTitle "EXT 2022"]
[Source "ChessBase"]
[SourceDate "2021.10.06"]
[SourceVersion "1"]
[SourceVersionDate "2021.10.06"]
[SourceQuality "1"]

1. c4 Nf6 2. Nc3 g6 3. g3 d5 4. cxd5 Nxd5 5. Bg2 Nxc3 6. bxc3 Bg7 7. Rb1 c6 8. Nf3 b5 9. Nh4 a6 10. a4 Ra7 11. c4 Bb7 12. O-O O-O 13. axb5 cxb5 14. cxb5 Bxg2 15. Nxg2 Rb7 16. Qa4 Qd7 17. Nf4 axb5 18. Qa2 Rd8 19. Nd3 Rc8 20. Ba3 Rbc7 21. Qb3 Nc6 22. Bc5 b4 23. Bb6 Nd4 24. Qd1 Rc2 25. Rxb4 Nf3+ 26. Kg2 Nxd2 27. Rh1 Qc6+ 28. Kg1 Ne4 29. Be3 Ra2 30. f3 Nc3 31. Qb3 Nxe2+ 32. Kf1 Qxf3+ 33. Nf2 Ra1+ 0-1

[Event "Charlesbourg Millenium"]
[Site "Charlesbourg CAN"]
[Date "2012.12.17"]
[Round "5"]
[White "Fecteau, Martin"]
[Black "Beaudoin, Stephane"]
[Result "0-1"]
[WhiteElo "1886"]
[BlackElo "2025"]
[PlyCount "80"]
[GameId "2160767909411399"]
[EventDate "2012.11.19"]
[EventType "swiss"]
[EventRounds "5"]
[EventCountry "CAN"]
[SourceTitle "EXT 2022"]
[Source "ChessBase"]
[SourceDate "2021.10.06"]
[SourceVersion "1"]
[SourceVersionDate "2021.10.06"]
[SourceQuality "1"]

1. d4 Nf6 2. c4 c5 3. Nf3 g6 4. g3 Bg7 5. Bg2 O-O 6. O-O cxd4 7. Nxd4 Nc6 8. Nc3 Qb6 9. Ndb5 a6 10. Na3 d6 11. Na4 Qc7 12. Be3 Nd7 13. Nc3 Nf6 14. Rc1 Ne5 15. Na4 Be6 16. Nb6 Rad8 17. h3 Nc6 18. Nb5 axb5 19. cxb5 d5 20. Na4 d4 21. Bf4 Qa5 22. bxc6 bxc6 23. b3 Nd5 24. Bd2 Qa7 25. Rxc6 Ne3 26. Qc1 Nxg2 27. Kxg2 Bd5+ 28. Kh2 Bxc6 29. Qxc6 Rc8 30. Qe4 e5 31. Bb4 Rfe8 32. Rd1 Qb8 33. Bd2 Qb5 34. Re1 f5 35. Qb1 e4 36. Bf4 d3 37. exd3 exd3 38. Be3 Rc2 39. Kg1 Qc6 40. Bf4 Bd4 0-1

[Event "Charlesbourg Millenium"]
[Site "Charlesbourg CAN"]
[Date "2012.12.17"]
[Round "5"]
[White "Glode, Martin"]
[Black "Arteau, Benoit"]
[Result "1/2-1/2"]
[WhiteElo "1806"]
[BlackElo "1863"]
[PlyCount "56"]
[GameId "2160767909411400"]
[EventDate "2012.11.19"]
[EventType "swiss"]
[EventRounds "5"]
[EventCountry "CAN"]
[SourceTitle "EXT 2022"]
[Source "ChessBase"]
[SourceDate "2021.10.06"]
[SourceVersion "1"]
[SourceVersionDate "2021.10.06"]
[SourceQuality "1"]

1. e4 b6 2. d4 Bb7 3. Bd3 e6 4. Nf3 c5 5. c3 Nf6 6. Nbd2 Nc6 7. a3 Na5 8. b4 c4 9. Bb1 Nb3 10. Nxb3 cxb3 11. Nd2 Qc7 12. Qxb3 Rc8 13. Bb2 Be7 14. Bd3 Nh5 15. Rc1 Nf4 16. Bf1 O-O 17. g3 Nh5 18. Be2 Nf6 19. Bf3 d5 20. e5 Ne4 21. Rc2 f6 22. Nxe4 dxe4 23. Qxe6+ Kh8 24. Bg2 fxe5 25. dxe5 a5 26. O-O axb4 27. axb4 Bxb4 28. Qg4 Qxe5 1/2-1/2

[Event "Charlesbourg Olympiade"]
[Site "Charlesbourg CAN"]
[Date "2012.10.08"]
[Round "1"]
[White "Beaudoin, Stephane"]
[Black "Marquis, Paul"]
[Result "1/2-1/2"]
[WhiteElo "2025"]
[BlackElo "1974"]
[PlyCount "49"]
[GameId "2160767909411866"]
[EventDate "2012.10.08"]
[EventType "swiss"]
[EventRounds "5"]
[EventCountry "CAN"]
[SourceTitle "EXT 2022"]
[Source "ChessBase"]
[SourceDate "2021.10.06"]
[SourceVersion "1"]
[SourceVersionDate "2021.10.06"]
[SourceQuality "1"]

1. e4 e6 2. b3 d5 3. Bb2 dxe4 4. Nc3 Nf6 5. f3 exf3 6. Nxf3 Nbd7 7. Qe2 c6 8. O-O-O Bd6 9. Nd4 Qe7 10. g3 Ba3 11. Bh3 O-O 12. Rhf1 Bxb2+ 13. Kxb2 Qd6 14. Nf3 b5 15. d4 b4 16. Ne4 Nxe4 17. Qxe4 Nf6 18. Qh4 Nd5 19. Rde1 a5 20. Ng5 h6 21. Ne4 Qe7 22. Qxe7 Nxe7 23. Nc5 Nd5 24. Bg2 Ba6 25. Rf2 1/2-1/2

[Event "Charlesbourg Olympiade"]
[Site "Charlesbourg CAN"]
[Date "2012.10.08"]
[Round "1"]
[White "Lessard, Claude"]
[Black "Bahadi, Khalid"]
[Result "0-1"]
[WhiteElo "2064"]
[BlackElo "1971"]
[PlyCount "86"]
[GameId "2160767909411867"]
[EventDate "2012.10.08"]
[EventType "swiss"]
[EventRounds "5"]
[EventCountry "CAN"]
[SourceTitle "EXT 2022"]
[Source "ChessBase"]
[SourceDate "2021.10.06"]
[SourceVersion "1"]
[SourceVersionDate "2021.10.06"]
[SourceQuality "1"]

1. d4 d5 2. Nf3 Nf6 3. Bf4 Nbd7 4. e3 c6 5. Nbd2 e6 6. Bd3 Be7 7. O-O O-O 8. h3 c5 9. c3 c4 10. Bc2 b5 11. e4 dxe4 12. Nxe4 Bb7 13. Nfd2 Nd5 14. Bh2 N7f6 15. Qe2 Rc8 16. Nxf6+ Nxf6 17. Ne4 a5 18. Nxf6+ Bxf6 19. Be4 Qd7 20. Rfe1 Rfe8 21. Bxb7 Qxb7 22. Be5 Bxe5 23. Qxe5 Red8 24. Re3 Rd5 25. Qg3 b4 26. Rae1 a4 27. Qg4 h6 28. h4 a3 29. R1e2 b3 30. Rg3 g5 31. hxg5 hxg5 32. Re5 Rxe5 33. dxe5 axb2 34. Qxg5+ Kf8 35. Qh6+ Ke8 36. Qh7 bxa2 37. Rg8+ Ke7 38. Qh4+ Kd7 39. Qd4+ Qd5 40. Qa7+ Rc7 41. Qa4+ Qc6 42. Qxa2 Qb5 43. Qb1 Ra7 0-1

[Event "Charlesbourg Olympiade"]
[Site "Charlesbourg CAN"]
[Date "2012.10.15"]
[Round "2"]
[White "Lessard, Claude"]
[Black "Beaudoin, Stephane"]
[Result "0-1"]
[WhiteElo "2064"]
[BlackElo "2025"]
[PlyCount "80"]
[GameId "2160767909411868"]
[EventDate "2012.10.08"]
[EventType "swiss"]
[EventRounds "5"]
[EventCountry "CAN"]
[SourceTitle "EXT 2022"]
[Source "ChessBase"]
[SourceDate "2021.10.06"]
[SourceVersion "1"]
[SourceVersionDate "2021.10.06"]
[SourceQuality "1"]

1. e4 g6 2. Bc4 e6 3. Nc3 Bg7 4. Nge2 Ne7 5. O-O O-O 6. d3 Nbc6 7. a3 f5 8. f4 Kh8 9. Qe1 d5 10. exd5 exd5 11. Ba2 d4 12. Nd1 Nd5 13. Bd2 Re8 14. Rf3 Nf6 15. c4 Qe7 16. Kf1 Ng4 17. Rh3 Bd7 18. b4 a5 19. b5 Nd8 20. Bb3 Ne6 21. a4 Nc5 22. Bc2 b6 23. Ra2 Bc8 24. Nf2 Bf6 25. Nh1 Bb7 26. Nhg3 Rad8 27. Bc1 Rd6 28. Qd1 Re6 29. Bb1 Ne3+ 30. Bxe3 Rxe3 31. Rd2 Qe6 32. Bc2 Qe7 33. Qb1 Qd6 34. Qe1 Ne6 35. Qf2 Qb4 36. Rd1 Qb2 37. Rd2 Nc5 38. Qe1 Qa3 39. Qd1 Ne6 40. Qe1 Nxf4 0-1